| 000 | 00880cam a2200217 i 4500 | ||
|---|---|---|---|
| 005 | 20251117103108.0 | ||
| 008 | 250721s2014 jo gr 000 0 ara d | ||
| 082 | 1 | 4 |
_a210.42170 _bم ن ا |
| 100 | 1 |
_aالمناصير، عطا الله سعيد محمد. _eمؤلف. |
|
| 240 | 1 | 0 | _aMorality of Science between Religion and Philosophy. |
| 245 | 1 | 0 |
_aاخلاق العلم بين الدين والفلسفة / _cالمؤلف عطا الله سعيد محمد المناصير. |
| 264 | 3 | 1 |
_aعمان _ الاردن : _bدار الفرقان للنشر والتوزيع، _c2014. |
| 300 | _a371 صفحة. | ||
| 650 | 1 | 7 | _aالاسلام. |
| 650 | 1 | 7 | _aالفلسفة. |
| 650 | 1 | 7 | _aالاخلاق الاسلامية. |
| 650 | 1 | 7 | _aالتطور الاخلاقي. |
| 650 | 1 | 7 | _aالتطور الاجتماعي. |
| 942 |
_2ddc _cBK |
||
| 999 |
_c130749 _d130749 |
||